One City from Every Country part 2 - Statistics

General Stats
  • This quiz has been taken 18 times
  • The average score is 47 of 193
Answer Stats
City Country % Correct
Xiamen China
83%
Paphos Cyprus
83%
Kandahar Afghanistan
67%
Bregenz Austria
67%
Moose Jaw Canada
67%
Split Croatia
67%
Ålborg Denmark
67%
Karlsruhe Germany
67%
Heraklion Greece
67%
Székesfehérvár Hungary
67%
Surat India
67%
Galway Ireland
67%
Tangier Morocco
67%
Enschede Netherlands
67%
Gaziantep Turkey
67%
Exeter United Kingdom
67%
M'Banza-Kongo Angola
50%
Neuquen Argentina
50%
Ganja Azerbaijan
50%
Mostar Bosnia and Herzegovina
50%
Ribeirao Preto Brazil
50%
Douala Cameroon
50%
Valparaíso Chile
50%
Goma Democratic Republic of the Congo
50%
Bayonne France
50%
Hvammstangi Iceland
50%
Denpasar Indonesia
50%
Isfahan Iran
50%
Erbil Iraq
50%
Sorrento Italy
50%
Spanish Town Jamaica
50%
Kyzylorda Kazakhstan
50%
Liepaja Latvia
50%
Sidon Lebanon
50%
Aguascalientes Mexico
50%
Erdenet Mongolia
50%
Janakpur Nepal
50%
Wonsan North Korea
50%
Karlstad Norway
50%
Gaza Palestine
50%
Colón Panama
50%
Szczecin Poland
50%
Al Wakrah Qatar
50%
Choa Chu Kang Singapore
50%
Prešov Slovakia
50%
Gyeongju South Korea
50%
Ciudad Real Spain
50%
Lelydorp Suriname
50%
Khon Kaen Thailand
50%
Mary Turkmenistan
50%
Jizzakh Uzbekistan
50%
Vlorë Albania
33%
Encamp Andorra
33%
Geelong Australia
33%
Mogilev Belarus
33%
Oruro Bolivia
33%
Stara Zagora Bulgaria
33%
Bobo-Dioulasso Burkina Faso
33%
Santiago de los Caballeros Dominican Republic
33%
Damietta Egypt
33%
Kauhajoki Finland
33%
Franceville Gabon
33%
Tamale Ghana
33%
Kankan Guinea
33%
Eldoret Kenya
33%
Banana Kiribati
33%
Al-Jawf Libya
33%
Djenne Mali
33%
St. Paul's Bay Malta
33%
Nouadhibou Mauritania
33%
Weno Micronesia
33%
Budva Montenegro
33%
Beira Mozambique
33%
Whanganui New Zealand
33%
Villa Hayes Paraguay
33%
Callao Peru
33%
Coimbra Portugal
33%
Kyzyl Russia
33%
Fiorentino San Marino
33%
Touba Senegal
33%
Sombor Serbia
33%
Maribor Slovenia
33%
Nyala Sudan
33%
Umeå Sweden
33%
St Moritz Switzerland
33%
Tartus Syria
33%
Sousse Tunisia
33%
Uzhhorod Ukraine
33%
Sarasota United States
33%
Illizi Algeria
17%
Dilizhan Armenia
17%
Bimini Bahamas
17%
Jakar Bhutan
17%
Penanjong Brunei
17%
Ibagué Colombia
17%
Zlin Czechia
17%
Ciudad de La Paz Equatorial Guinea
17%
Narva Estonia
17%
Big Bend eSwatini
17%
Hawassa Ethiopia
17%
Zugdidi Georgia
17%
Tikal Guatemala
17%
Holon Israel
17%
Saitama Japan
17%
Irbid Jordan
17%
Al Ahmadi Kuwait
17%
Buchanan Liberia
17%
Tawau Malaysia
17%
Vaadhoo Maldives
17%
Diffa Niger
17%
Peshawar Pakistan
17%
Pointe-Noire Republic of Congo
17%
Oradea Romania
17%
Polokwane South Africa
17%
Old Road Town St. Kitts and Nevis
17%
Khorog Tajikistan
17%
Mbeya Tanzania
17%
Mu'a Tonga
17%
Paysandú Uruguay
17%
Vinh Vietnam
17%
Taizz Yemen
17%
Gweru Zimbabwe
17%
Urlings Antigua and Barbuda
0%
Riffa Bahrain
0%
Isa Town Bangladesh
0%
Holetown Barbados
0%
Mons Belgium
0%
Ladyville Belize
0%
Parakou Benin
0%
Ghanzi Botswana
0%
Ngozi Burundi
0%
Espargos Cabo Verde
0%
Chhlong Cambodia
0%
Carnot Central African Republic
0%
Massakory Chad
0%
Chindini Comoros
0%
Quepos Costa Rica
0%
Korhogo Côte d'Ivoire
0%
Santa Clara Cuba
0%
Obock Djibouti
0%
Canefield Dominica
0%
Cuenca Ecuador
0%
Armenia El Salvador
0%
Nakfa Eritrea
0%
Navua Fiji
0%
Brufut Gambia
0%
Sauteurs Grenada
0%
Bafatá Guinea-Bissau
0%
Anna Regina Guyana
0%
Jacmel Haiti
0%
Juticalpa Honduras
0%
Tokmok Kyrgyzstan
0%
Xayaboury Laos
0%
Mafeteng Lesotho
0%
Balzers Liechtenstein
0%
Krekenava Lithuania
0%
Wiltz Luxembourg
0%
Ambanja Madagascar
0%
Mzuzu Malawi
0%
Jabor Marshall Islands
0%
Curepipe Mauritius
0%
Soroca Moldova
0%
Fontvieille Monaco
0%
Pyay Myanmar
0%
Rehoboth Namibia
0%
Yangor Nauru
0%
Chinandega Nicaragua
0%
Abakaliki Nigeria
0%
Štip North Macedonia
0%
Sohar Oman
0%
Airai Palau
0%
Maprik Papua New Guinea
0%
Baguio Philippines
0%
Musanze Rwanda
0%
Asau Samoa
0%
Neves São Tomé and Principe
0%
Abha Saudi Arabia
0%
Machabee Seychelles
0%
Port Loko Sierra Leone
0%
Noro Solomon Islands
0%
Bosaso Somalia
0%
Bor South Sudan
0%
Negombo Sri Lanka
0%
Ciceron St. Lucia
0%
Fancy St. Vincent and the Grenadines
0%
Baucau Timor-Leste
0%
Dapaong Togo
0%
Mayaro Trinidad and Tobago
0%
Lolua Tuvalu
0%
Fort Portal Uganda
0%
Isangel Vanuatu
0%
Coro Venezuela
0%
Ndola Zambia
0%
No matching quizzes found
Score Distribution
Percent of People with Each Score
Percentile by Number Answered
Your Score History
You have not taken this quiz